000 003310000a22001450004500
003 MACL
040 _aMACL
090 _c7123
_d7122
100 _aRanganathananda, Swami
245 _aSwami Vivekananada His Life and Mission
260 _bThe Ramakrishana Mission
_c1966
350 _a.50
650 _aReligion
942 _cBOOK
_k294
999 _c7076
_d7076